| 000 | 00823nam a2200265Ia 4500 | ||
|---|---|---|---|
| 003 | OSt | ||
| 005 | 20220928114751.0 | ||
| 006 | a|||||r|||| 00| 0 | ||
| 007 | ta | ||
| 008 | 220927b |||||||| |||| 00| 0 eng d | ||
| 020 | _c3931.5 | ||
| 024 | _a115445 | ||
| 037 |
_b4743, 29/02/2012, New India Book Agency _cTextual |
||
| 040 |
_aSDCL _cSDCL _beng |
||
| 041 |
_2eng _aeng |
||
| 082 | _aE140:281, Q1 | ||
| 100 |
_aWong H S Philip _9440779 |
||
| 245 | 0 | _aCarbon nanotube and graphene device physics. | |
| 260 |
_aDelhi _bCambridge University Press _c2011 |
||
| 300 |
_ax,251p _ccm. |
||
| 650 | _aElectronic Science | ||
| 700 |
_a Akinwande Deji _9440780 |
||
| 942 |
_hE140:281, Q1 _cTEXL _2CC |
||
| 999 |
_c756307 _d756307 |
||